The Areopagos Council, to 307 B. C

Gespeichert in:
Bibliographische Detailangaben
1. Verfasser: Wallace, Roberto (VerfasserIn)
Format: Buch
Sprache:Englisch
Veröffentlicht: Baltimore The Johns Hopkins University Press 1989
Schlagworte:
Tags: Tag hinzufügen
Keine Tags, Fügen Sie den ersten Tag hinzu!

MARC

LEADER 00000cam a2200000 a 4500
001 UCD9391
003 CL-VaPUC
005 20220921074434.0
008 170616e19890000us |||||||||||||||||eng|d
999 |c 368597  |d 368595 
020 |a 0801836468 
040 |c Pontificia Universidad Católica de Valparaíso 
082 0 4 |a 342.938 WAL 1989  |2 21 
100 0 |a Wallace, Roberto  |e author  |9 593094 
245 1 4 |a The Areopagos Council, to 307 B. C 
260 |a Baltimore  |b The Johns Hopkins University Press  |c 1989 
300 |a 294 páginas 
583 |a last modification  |c 20170616 21:05:00  |k Rodrigo Vera 
650 0 |a Administración de justicia  |9 382749 
650 0 |a Historia constitucional  |9 256052 
651 7 |a ATENAS  |2 CL-VaPUC  |9 323854 
651 0 |a Grecia  |9 265314 
942 |c BK  |2 ddc 
945 |d 20170616 21:05:00  |a arojas 
952 |0 0  |1 0  |2 ddc  |3 erd  |4 0  |6 342_938000000000000_WAL_1989  |7 0  |8 A  |9 483960  |a FDOLAF  |b FDOLAF  |e Laffi, Umberto, 1939-  |i 5396999  |o 342.938 WAL 1989  |p 5396999  |r 2024-01-30  |t 1  |w 2019-11-24  |y BK  |z Catalogado en:20170616  |k LAF